|
|
|
|
| LEADER |
00000nab a2200000 a 4500 |
| 001 |
vtls000519673 |
| 003 |
SK-MaSNL |
| 005 |
20260304015441.0 |
| 008 |
150430c1994 xo 0 hun |
| 015 |
|
|
|a SNBRB19rr/mm-uuuuu
|
| 035 |
|
|
|a CL0519811
|
| 040 |
|
|
|a SNKBUCL
|b slo
|c SNKBUCL
|e AACR2
|
| 041 |
0 |
|
|a hun
|
| 044 |
|
|
|a xo
|c SK
|
| 080 |
|
|
|a 78.071.2:784.66
|2 1981
|
| 080 |
|
|
|a 784.66
|2 1981
|
| 100 |
1 |
|
|a Dubán, Jozef,
|d 1965-2003
|4 aut
|9 251060
|
| 245 |
1 |
0 |
|a Tublatanka: Texas, Dublin
|b (Exkluzív interjú Dubán Dodival és Maťo Ďurindával)
|c József Dubán, Maťo Ďurinda, Szilvia Kákarov N.
|
| 300 |
|
|
|b Fotogr. 1
|
| 610 |
2 |
7 |
|a Tublatanka (hudobná skupina)
|2 snkbucl
|9 32481
|
| 655 |
|
7 |
|a články z novín a časopisov
|2 snkbucl
|9 267496
|
| 700 |
1 |
|
|a Ďurinda, Martin,
|d 1961-
|4 aut
|9 251059
|
| 700 |
1 |
|
|a Kákarov, Szilvia N.
|4 aut
|9 975706
|
| 773 |
0 |
|
|t Heti Ifi
|g Roč. 4, č. 24 (1994), s. 8-9
|
| 850 |
|
|
|a Slovenská národná knižnica v Martine
|a DSG001
|
| 852 |
|
|
|a SNK
|b KIS3GCP
|
| 958 |
|
|
|a RK
|
| 958 |
|
|
|a SK
|
| 992 |
|
|
|a RBX
|
| 999 |
|
|
|c 2591649
|d 2593579
|